000
00263nam a2200097Ia 4500
082
_a
J 628.925 SPIL
245
0
_a
At a fire station
100
_a
SPILSBURY, Louise Chicago, IL, [c.2009]
_9
91293
942
_c
BK
008
210817s9999 xx 000 0 und d
999
_c
368103
_d
368102